| 000 | 004770000a22001810004500 | ||
|---|---|---|---|
| 003 | MACL | ||
| 005 | 20160119170029.0 | ||
| 008 | 160119b xxu||||| |||| 00| 0 eng d | ||
| 040 |
_aMACL _cMACL |
||
| 041 | _aEnglish | ||
| 082 | _a005.133/GOT | ||
| 100 |
_aGottfried, Bynon S. _933356 |
||
| 245 | _aProgramming With pascal | ||
| 260 |
_bTata Mcgraw Hill Publishing _aNew Delhi _c1994 |
||
| 350 | _a220 | ||
| 650 |
_aComputer programing _933180 |
||
| 942 |
_cBK _k005.133/Got _2ddc |
||
| 999 |
_c33663 _d33663 |
||